Anagrammi dei Calciatori - Quiz n°8 - Statistics

Statistiche generali
  • Questo quiz è stato fatto 19 volte
  • Il punteggio medio è 5 su 10
Statistiche sulle risposte
Anagramma Calciatore % Corretto
becanner Bennacer
100%
ococ Coco
100%
aoadyreb Adebayor
67%
gpiu Puig
67%
aioldaurg Guardiola
53%
oazln Nzola
53%
kbszyińeers Bereszyński
33%
bmleimio Immobile
20%
tistobcahro Baschirotto
7%
rncasziea Canizares
7%
Nessun quiz corrispondente trovato
Distribuzione punteggi
Percentuale di utenti per punteggio
Percentile per numero di risposta
I tuoi punteggi nel tempo
Non hai fatto questo quiz